Statistics for Famous Rap Lyrics

Click here to take the quiz!

General Stats

  • This quiz has been taken 502 times
  • The average score is 11 of 14

Answer Stats

LyricsRapper% Correct
"She said, 'Do you love me?' I tell her, "Only partly. I only love my bed and my momma, I'm sorry'"Drake
98%
"I get those goosebumbs every time, yeah, you come around, yeah"Travis Scott
96%
"His palms are sweaty, knees weak, arms are heavy"Eminem
92%
"I've been f****n' h**s and poppin' pillies, man I feel just like a rockstar"Post Malone
92%
"I still see your shadows in my room. Can't take back the love that I gave you."Juice WRLD
90%
"These b*****s love Sosa"Chief Keef
87%
"Ha! 1600 block, I just wanna rock"Lil Uzi Vert
80%
"I'm like 'B**ch, who is your man's?' ayy, can't keep my d**k in my pants"XXXTentacion
80%
"Drip too hard, don't stand too close, you gon' f**k around and drown off this wave"Lil Baby
78%
"Yellow tape around his body, it's a f*****g homicide"YNW Melly
77%
"I am a mencace, keep me a rack just like tennis"NLE Choppa
74%
"Bought a spaceship, now I'm a space cadet"Gunna
70%
"I got h**s calling a young n***a phone"Sheck Wes
66%
"In the kitchen, wrist twistin' like a stir fry"Migos
60%

Score Distribution

Percentile by Number Answered

Percent of People with Each Score

Your Score History

You have not taken this quiz